000
00220nam a2200109 4500
082
_a
SHA
100
_a
Shabbir
245
_a
Aquifer Test Analysis
260
_a
Jamshoro:
_b
MUET,
_c
1988.
300
_a
248p. ;
942
_c
BK
999
_c
10464
_d
10464